000 00290nam a2200121Ia 4500
005 20251222144902.0
008 251222s9999||||xx |||||||||||||| ||spa||
020 _a84-322-2018-3
082 _a860/G23T
100 _a"GarcĂ­a Hortelano, Juan "
245 0 _aTormenta de verano
942 _cLIB
999 _c22039
_d22039